[Event "3rd Sharjah Masters 2019"]
[Site "Sharjah"]
[Date "2019.03.28"]
[Round "7.35"]
[White "Raghunandan, Kaumandur Srihari"]
[Black "Tokhirjonova, Gulrukhbegim"]
[Result "1-0"]
[WhiteElo "2352"]
[BlackElo "2434"]
[Annotator "TA"]
[PlyCount "119"]
[EventDate "2019.03.22"]
[EventType "swiss"]
[EventCountry "UAE"]
[SourceTitle "playchess.com"]
[Source "ChessBase"]
[SourceQuality "1"]

{[%evp 9,119,16,27,13,73,51,51,51,76,60,60,41,40,44,46,52,46,47,46,29,41,24,83,8,4,13,161,68,69,69,225,230,212,218,238,0,3,8,35,2,18,17,34,35,32,26,26,20,15,10,80,64,71,80,77,43,71,36,45,23,83,70,66,58,120,125,135,137,195,182,159,83,117,66,156,176,187,191,298,237,225,240,234,213,354,354,362,379,372,347,313,230,228,219,216,208,210,201,180,116,111,47,574,571,29980,29981,29981,29982,29982,29982,29980,29981]} 1. Nf3 d5 2. g3 Nc6 3. d4 Bf5 4. Bg2 Nb4 5. Na3 e6 6. c3 {D02: 1 d4 d5 2 Nf3 sidelines, including 2...Nf6 3 g3 and 2...Nf6 3 Bf4} Na6 (6... Nc6 $11) 7. O-O c6 8. Nh4 {White is slightly better.} (8. Qb3 Qc8 9. Nh4 Be4 10. f3 Bg6 11. Nxg6 hxg6 12. e4 Nf6 13. e5 Nd7 14. f4 {1-0 (51) Grischuk,A (2766)-Duda,J (2737) chess.com INT 2018}) 8... Nf6 $146 ({Predecessor:} 8... Bg4 9. Qb3 Rb8 10. e4 dxe4 11. Bxe4 Nf6 12. Bg2 Be7 13. h3 {0-1 (25) Khazov,A (1964)-Bezgodov,A (2494) Tyumen 2014}) 9. Nxf5 exf5 10. Qd3 g6 11. Bg5 {Threatens to win with Qe3+.} Bg7 12. c4 $36 {[%mdl 2048] White has some pressure.} dxc4 13. Qe3+ Qe7 14. Nxc4 Qxe3 15. fxe3 {Nd6+ is the strong threat.} Nd5 (15... O-O $11) 16. g4 (16. e4 $16 fxe4 17. Nd6+ {[%mdl 64] Double Attack} (17. Bxe4 Bxd4+ 18. Kh1 f6 $11) 17... Kd7 18. Rxf7+ {[%mdl 64] Double Attack} Kxd6 19. Rxg7) 16... f6 $11 17. Bh4 g5 (17... Bh6 $1 $11 {and Black stays safe.}) 18. Bg3 (18. Nd6+ $18 Kf8 19. Bxd5 cxd5 20. Bg3) 18... fxg4 $14 19. e4 Ne7 $2 (19... Nf4 $1 $14) 20. Nd6+ $18 Kd7 21. Nxb7 h5 22. Nc5+ $2 (22. Rac1 $18) 22... Nxc5 $11 23. dxc5 Rad8 24. Rad1+ Ke6 25. Bc7 Rd7 26. Ba5 Ng6 27. Rxd7 Kxd7 28. Rd1+ Ke7 29. Rd6 Rc8 (29... Ne5 $11) 30. e3 $16 Ne5 31. Bf1 Nf7 32. Rd2 Rb8 33. b3 {[%cal Bb2b3,Bb3b4][%mdl 32]} Bf8 34. Ba6 Ne5 (34... Ke8 $11) 35. Kg2 Ke6 36. b4 $1 h4 ({Black should try} 36... Nf3 $14 37. Rd1 Ne5) 37. a3 Nf3 38. Rd1 f5 (38... Kf7 $16) 39. Bc4+ Kf6 40. exf5 ({White should play} 40. Bd8+ Kg6 41. exf5+ Kxf5 42. h3) 40... Kxf5 41. Be2 (41. Bd3+ $16 Ke6 42. Bc7) 41... h3+ (41... Bxc5 $14 42. bxc5 Rb2) 42. Kf2 Re8 43. Bc7 Nh4 (43... Rc8 $142) 44. Rd4 Nf3 45. Bxf3 gxf3 46. Kxf3 $18 {[%mdl 4096] Endgame KRB-KRB} Bg7 (46... Rc8 $142) 47. e4+ Kg6 48. Rd6+ Kh5 49. Rxc6 Bd4 50. Bg3 g4+ 51. Ke2 Be5 52. Bxe5 Rxe5 {KR-KR} 53. Rc8 {[#] And now c6 would win.} Rxe4+ 54. Kd3 ({Better is} 54. Kf2 $18 Rf4+ 55. Ke3) 54... Re6 $16 {aiming for ...g3!} 55. c6 (55. Rg8 $16) 55... g3 $2 {[%mdl 8192] [#]} (55... Rh6 $1 $14 56. c7 Rh7) 56. c7 $1 $18 Rd6+ 57. Ke3 {White mates.} Rc6 58. Rh8+ Kg4 59. Rg8+ Kf5 60. c8=Q+ {Accuracy: White = 52%, Black = 27%.} 1-0

[Event "3rd Sharjah Masters 2019"]
[Site "Sharjah"]
[Date "2019.03.28"]
[Round "7.36"]
[White "Praveen Kumar C"]
[Black "Shyaamnikhil P"]
[Result "0-1"]
[WhiteElo "2243"]
[BlackElo "2429"]
[Annotator "TA"]
[PlyCount "80"]
[EventDate "2019.03.22"]
[EventType "swiss"]
[EventCountry "UAE"]
[SourceTitle "playchess.com"]
[Source "ChessBase"]
[SourceQuality "1"]

{[%evp 9,80,18,59,16,8,11,13,-16,-2,-45,-25,-31,-43,-43,-54,-48,-56,-55,-33,-77,-55,-89,-96,-125,-116,-119,-131,-150,-153,-172,-170,-157,-160,-198,-198,-193,-193,-254,-249,-248,-250,-337,-320,-398,-387,-393,-394,-385,-388,-391,-390,-382,-364,-396,-404,-395,-379,-386,-381,-550,-550,-511,-455,-673,-685,-767,-719,-1291,-1436,-1361,-1366,-4594,-4133]} 1. d4 d6 2. Nf3 g6 3. c4 Bg7 4. g3 c5 5. Bg2 Bd7 (5... Nc6 6. d5 Na5 7. Na3 Nf6 8. Bd2 Bd7 9. Bc3 a6 10. O-O b5 11. cxb5 axb5 12. b4 Nb7 13. Nc2 O-O {½-½ (33) Raznikov,D (2494)-Romanov,E (2625) Jerusalem 2015}) 6. O-O {A41: 1 d4 d6: Tartakower System and Modern Defence} cxd4 7. Nxd4 Nc6 8. Nc2 {The position is equal.} Qc8 $146 ({Predecessor:} 8... Rb8 9. a4 a6 10. Nba3 Qc8 11. Rb1 Bh3 12. b3 h5 13. f3 {½-½ (59) Matlak,M (2420)-Gross,S (2430) Stary Smokovec 1991}) 9. Nc3 Bxc3 10. bxc3 Bh3 11. Be3 h5 12. f3 Bxg2 13. Kxg2 b6 14. Nb4 {[#] Hoping for Qa4.} Na5 15. Bd4 e5 16. Bf2 Nxc4 17. Nd5 Ne7 18. Rb1 Qc6 19. e4 Nxd5 20. exd5 Qc7 21. f4 Rc8 22. Qd3 f5 23. fxe5 (23. Rb4 {was called for.}) 23... dxe5 $19 ({But not} 23... Nxe5 24. Qb5+ Kf7 25. Bd4 $17) 24. Rfd1 O-O 25. d6 Qc6+ 26. Qd5+ Qxd5+ 27. Rxd5 {Now d7 and White clings on.} Kf7 28. d7 Rcd8 29. Rb4 Ke6 $1 {[%csl LRd5,LRd7]} 30. Rd1 Nd6 31. c4 Rxd7 32. c5 bxc5 33. Bxc5 Rc8 34. Rxd6+ (34. Bg1 $142) 34... Rxd6 {Black is clearly winning.} 35. Bxd6 {[%mdl 4096] Endgame intending Bb8. KRB-KR} Rc2+ 36. Kg1 (36. Kf1 $142 Kxd6 37. Ra4) 36... Kxd6 37. Ra4 e4 {[%cal Be5e4,Be4e3][%mdl 32]} 38. Rxa7 e3 39. Kf1 Kd5 40. Re7 Kd4 {Accuracy: White = 22%, Black = 93%.} 0-1

[Event "3rd Sharjah Masters 2019"]
[Site "Sharjah"]
[Date "2019.03.28"]
[Round "7.37"]
[White "Al Hosani, Omran"]
[Black "Dimakiling, Oliver"]
[Result "0-1"]
[WhiteElo "2238"]
[BlackElo "2423"]
[Annotator "TA"]
[PlyCount "52"]
[EventDate "2019.03.22"]
[EventType "swiss"]
[EventCountry "UAE"]
[SourceTitle "playchess.com"]
[Source "ChessBase"]
[SourceQuality "1"]

{[%evp 10,52,-19,-36,-21,-48,-25,-30,-36,-103,-68,-98,-74,-100,-103,-95,-99,-233,-191,-245,-194,-177,-177,-291,-298,-319,-305,-299,-287,-312,-258,-294,-270,-492,-483,-571,-435,-584,-498,-490,-511,-589,-583,-1911,-1847]} 1. Nf3 c5 2. g3 Nc6 3. d4 cxd4 4. Nxd4 g6 5. c4 Bg7 6. Nc2 h5 {A30: Symmetrical English: Double Fianchetto and Hedgehog} 7. Bg2 h4 8. Nc3 $146 ({Predecessor:} 8. O-O d6 9. Nc3 Be6 10. Nd5 Rc8 11. Nce3 hxg3 12. hxg3 Be5 13. Qd3 Qd7 14. Rd1 {0-1 (47) Krishna,C (2404)-Fier,A (2619) Dubai 2016}) 8... d6 {Black has an edge.} 9. e4 (9. Bg5 $15) 9... Be6 10. Ne3 Rc8 11. O-O hxg3 12. hxg3 Qd7 13. f4 {[#]} (13. Re1 $17) 13... Bh3 $1 $19 {[%cal Rh3g2] Threatens to win with ...Bxg2.} 14. g4 Bd4 15. Bxh3 Rxh3 16. Kg2 (16. Ncd5 {keeps fighting.}) 16... Rxe3 17. Bxe3 Bxe3 18. Qf3 Bd4 19. g5 Bg7 20. Qg3 Nd4 21. f5 $2 {[#]} (21. b3 {was necessary.}) 21... gxf5 {Black is clearly winning.} 22. g6 Nf6 23. exf5 Nxf5 24. Qg5 Rc5 25. Rae1 Kf8 26. gxf7 Bh6 {Accuracy: White = 22%, Black = 96%.} 0-1

[Event "3rd Sharjah Masters 2019"]
[Site "Sharjah"]
[Date "2019.03.28"]
[Round "7.38"]
[White "Thrish, Karthik"]
[Black "Raja Rithvik R"]
[Result "0-1"]
[WhiteElo "2096"]
[BlackElo "2423"]
[Annotator "TA"]
[PlyCount "113"]
[EventDate "2019.03.22"]
[EventType "swiss"]
[EventCountry "UAE"]
[SourceTitle "playchess.com"]
[Source "ChessBase"]
[SourceQuality "1"]

{[%evp 9,113,11,8,10,14,6,7,-8,0,-12,0,0,0,-5,-4,-53,-59,-52,-33,-35,-22,-53,-34,-38,-45,-50,0,0,0,0,0,0,0,0,-9,-25,-13,-25,-15,-18,-19,-26,-26,-40,-37,-47,-19,-25,-12,-28,-20,-20,-28,-22,-19,-42,-29,-67,-67,-67,-67,-67,-67,-67,-67,-67,-67,-81,-81,-81,-81,-109,-81,-94,-83,-94,-94,-123,-123,-177,-177,-267,-123,-123,-123,-123,-123,-136,-158,-1085,-833,-4614,-4624,-4618,-4618,-4618,-1621,-29979,-29980,-29982,-29983,-29983,-29984,-29984,-29985,-29985]} 1. Nf3 d5 2. e3 Nf6 3. c4 e6 4. b3 Bd6 5. Bb2 O-O 6. d4 {A13: English Opening: 1...e6} (6. Be2 dxc4 7. Bxc4 b6 8. Nc3 Bb7 9. d4 a6 10. O-O b5 11. Bd3 Nbd7 12. a4 b4 13. Nb1 c5 14. Nbd2 cxd4 15. Nxd4 {½-½ (59) Nakamura,H (2746)-So,W (2765) Kolkata 2018}) 6... b6 7. Nbd2 Bb7 8. Qc2 {The position is equal.} Nbd7 9. Bd3 h6 10. O-O c5 11. cxd5 $146 ({Predecessor:} 11. Rfe1 cxd4 12. Nxd4 Nc5 13. Bf1 Rc8 14. Rac1 Nfe4 15. f3 Bxh2+ 16. Kxh2 Qh4+ {½-½ (17) Arakelian,A (1893)-Roessel,G (1672) Willingen 2017}) 11... Nxd5 12. e4 Nb4 13. Qc3 {[#] Black must now prevent dxc5.} Nxd3 14. Qxd3 Be7 15. Rad1 cxd4 16. Qxd4 {[%csl Gb2][%cal Rd4g7]} Nf6 17. Qe3 Rc8 18. Nc4 Qc7 19. Bxf6 Bxf6 20. Nd6 Rcd8 21. Nxb7 Qxb7 22. h3 Qa6 23. a4 Be7 24. Ne5 Bc5 25. Qf3 {aiming for Rxd8.} Qb7 26. Nd3 Bd4 27. Nf4 Rd6 28. Ne2 Rfd8 {Threatens to win with ...Bxf2+!} 29. Nxd4 Rxd4 30. Rxd4 Rxd4 $11 {[%mdl 4096] Endgame KQR-KQR} 31. Re1 Qc6 32. Qe3 e5 33. Rc1 Qxe4 34. Rc8+ Kh7 35. Qxe4+ Rxe4 $15 {KR-KR} 36. Rc7 f6 37. Rxa7 Rb4 38. a5 bxa5 39. Rxa5 Rxb3 40. f3 Kg6 41. Kf2 Rb4 42. Ra7 h5 43. Rc7 h4 44. Rc2 (44. Ra7 $17) 44... Kg5 $19 45. g3 (45. Kg1 {was called for.}) 45... hxg3+ (45... f5 $19 46. gxh4+ Kxh4) 46. Kxg3 $17 Rb3 47. h4+ Kh5 48. Rc4 f5 49. Kg2 $2 (49. Rc5 $17) 49... g6 50. Rc6 Rb4 51. Re6 e4 52. fxe4 Rxe4 53. Rxe4 fxe4 {Black mates.} 54. Kg3 {[#]} e3 $1 55. Kf3 Kxh4 56. Kxe3 Kg3 57. Kd4 {Accuracy: White = 36%, Black = 71%.} 0-1

[Event "3rd Sharjah Masters 2019"]
[Site "Sharjah"]
[Date "2019.03.28"]
[Round "7.39"]
[White "Akshat, Khamparia"]
[Black "Ranaldi, Lucas"]
[Result "1-0"]
[WhiteElo "2415"]
[BlackElo "2279"]
[Annotator "TA"]
[PlyCount "52"]
[EventDate "2019.03.22"]
[EventType "swiss"]
[EventCountry "UAE"]
[SourceTitle "playchess.com"]
[Source "ChessBase"]
[SourceQuality "1"]

{[%evp 9,52,45,28,0,0,0,25,0,6,0,-4,0,73,69,55,0,0,0,22,47,14,-62,11,-82,-79,-72,-70,-74,-77,-72,-67,-83,-29,-72,-78,-185,-185,-205,-215,-433,-454,-589,-589,-5202,-4941]} 1. d4 e6 2. c4 Nf6 3. Nc3 Bb4 4. Qc2 b6 5. e4 c5 6. a3 {E32: Nimzo-Indian: Classical (4 Qc2): 4...0-0} Bxc3+ $1 7. bxc3 Bb7 8. Bd3 {White has an edge.} b5 {And now ...bxc4 would win.} 9. Qb1 cxd4 10. Ne2 $146 ({Predecessor:} 10. cxd4 bxc4 11. Qxb7 cxd3 12. Qxa8 Qb6 13. Nf3 O-O {0-1 (31) Lysyj,I (2671)-Morozevich,A (2711) Poikovsky 2015}) 10... Qc7 (10... bxc4 $11 11. Qxb7 cxd3 12. Qxa8 dxe2) 11. cxb5 $16 dxc3 12. O-O (12. Bf4 $5 {[%cal Rf4c7]} e5 13. Bg5 $11) 12... d5 $1 {[%cal Rd5e4]} 13. exd5 Nxd5 14. a4 $1 Nd7 15. Ba3 (15. a5 $11) 15... Rc8 (15... Ne5 $15 16. a5 O-O-O) 16. Qc1 (16. Rc1 $11 {keeps the balance.}) 16... Nc5 $36 {[%mdl 2048] Keeping White busy.} 17. Bc2 O-O 18. Qg5 $1 Rfd8 19. Rad1 h6 20. Qh4 Nf6 ({Black should try} 20... e5 $17) 21. Nxc3 {[#]} Nxa4 $1 {[%mdl 512]} 22. Bxa4 (22. Rxd8+ $17 Rxd8 23. Qxa4 Qxc3 24. Rc1) 22... Qxc3 $19 23. Rxd8+ Rxd8 24. Be7 $2 {[#]} (24. Qg3 Ne4 25. Qxc3 Nxc3 26. Bc2) 24... Rd4 $1 {[%cal Rd4h4] Black is clearly winning.} 25. Bxf6 gxf6 ({Weaker is} 25... Rxh4 26. Bxc3 Rxa4 27. Ra1 $17) 26. Qxf6 Bxg2 $1 {[%mdl 32768] Accuracy: White = 29%, Black = 75%. . Loss on time!?} 1-0

[Event "3rd Sharjah Masters 2019"]
[Site "Sharjah"]
[Date "2019.03.28"]
[Round "7.40"]
[White "Karthik, Venkataraman"]
[Black "Rayes, Abdul Kader"]
[Result "1-0"]
[WhiteElo "2494"]
[BlackElo "2219"]
[Annotator "TA"]
[PlyCount "88"]
[EventDate "2019.03.22"]
[EventType "swiss"]
[EventCountry "UAE"]
[SourceTitle "playchess.com"]
[Source "ChessBase"]
[SourceQuality "1"]

{[%evp 22,88,68,72,79,76,87,88,110,67,64,60,80,-7,84,83,81,77,112,112,113,81,82,76,88,72,83,73,91,72,111,101,120,129,139,74,79,77,138,147,139,140,162,152,123,105,270,271,418,420,477,372,400,358,454,454,456,450,444,442,454,456,452,430,570,574,632,633,672]} 1. c4 e6 2. Nf3 d5 3. g3 Be7 4. Bg2 Nf6 5. O-O O-O 6. b3 c5 7. Bb2 Nc6 8. e3 b6 9. Nc3 Bb7 10. cxd5 exd5 11. d4 Rb8 12. Rc1 cxd4 {A14: English Opening: 1...e6 with b3 by White} 13. Nxd4 Nxd4 14. Qxd4 Bc5 {White is better.} 15. Qa4 Qe7 16. Rfd1 {[%cal Rc3d5]} Rfd8 17. Qh4 $146 (17. Ne2 $16) ({Predecessor:} 17. Rc2 a5 18. Qh4 Bc6 19. Ne2 Rbc8 20. Bxf6 Qxf6 21. Qxf6 gxf6 {1-0 (29) Iwu,O (2145)-Forget,L (2037) Ledyard 2008}) 17... Ba3 (17... Bxe3 $1 $11 18. fxe3 Qxe3+ 19. Kh1 d4 20. Bxb7 dxc3 21. Rxd8+ Rxd8) 18. Bxa3 $16 Qxa3 19. Qd4 Rd7 20. Rc2 Qe7 21. Rcd2 Bc6 22. Ne2 Rbd8 23. Qf4 g6 24. Rc2 Rd6 25. Rdc1 Be8 26. Nd4 a6 27. Rc7 Qf8 28. Qf3 ({White should try} 28. Rc8 Bb5 29. R8c7) 28... Ne4 29. Qe2 $36 {[%mdl 2048] Black is under strong pressure.} a5 {[#]} (29... Nc5 $142) 30. Bxe4 $1 dxe4 31. Qc2 f5 32. Qc4+ Bf7 33. Qb5 f4 $2 (33... Be8 $16 {is a better defense.} 34. Qa6 Qf6) 34. gxf4 $18 Rd5 (34... Be8 $142 35. Qe5 Qf6 36. Qxe4 Bf7) 35. Qxb6 Qe8 36. Qf6 {[#] And now Re7 would win.} R5d6 37. Qe7 ({Don't do} 37. Qh4 R8d7 $18) 37... a4 38. bxa4 {White is clearly winning.} ({Weaker is} 38. Qh4 R8d7 $18) 38... Qxe7 39. Rxe7 R8d7 40. Rxd7 Rxd7 41. a5 Ra7 42. Nc6 Ra6 43. Rc5 Ra8 44. Nb4 Rd8 {Accuracy: White = 64%, Black = 34%.} 1-0

[Event "3rd Sharjah Masters 2019"]
[Site "Sharjah"]
[Date "2019.03.28"]
[Round "7.41"]
[White "Abdurakhmonov, Mukhammadali"]
[Black "Buksa, Nataliya"]
[Result "1-0"]
[WhiteElo "2205"]
[BlackElo "2416"]
[Annotator "TA"]
[PlyCount "65"]
[EventDate "2019.03.22"]
[EventType "swiss"]
[EventCountry "UAE"]
[SourceTitle "playchess.com"]
[Source "ChessBase"]
[SourceQuality "1"]

{[%evp 10,65,11,-22,21,20,19,14,32,35,29,16,26,12,27,5,-8,-20,16,10,10,6,19,0,123,111,105,114,108,102,112,104,114,110,108,107,154,159,166,164,454,440,541,506,5489,5489,5477,5465,5402,5397,1906,1745,1854,1370,29986,29987,29987,29988]} 1. c4 e6 2. Nf3 d5 3. d4 Nf6 4. g3 Be7 5. Bg2 O-O 6. Qc2 b6 {E06: Closed Catalan: Early deviations} 7. O-O dxc4 8. Bg5 (8. Ne5 Qxd4 9. Bxa8 Qxe5 10. Bf3 Nd5 11. Qxc4 Ba6 12. Qa4 c5 13. Na3 Qc7 14. Rd1 Qc8 15. Bd2 {½-½ (27) Cheparinov,I (2711)-Bacrot,E (2677) Zagreb 2018}) 8... Nd5 {The position is equal.} 9. Bxe7 Qxe7 10. Qxc4 Ba6 11. Qc2 Nd7 12. Nc3 (12. Re1 {keeps more tension.} Rac8 13. Qa4 Nb8 14. a3 c5 15. e4) 12... Nxc3 13. Qxc3 Rac8 14. Qe3 $146 ({Predecessor:} 14. Rfe1 Bb7 15. Ne5 Bxg2 16. Nxd7 Qxd7 17. Kxg2 {½-½ (38) Baenziger,F (2377)-Guidarelli,L (2464) Le Castella 2018}) 14... Qb4 15. b3 c5 16. Rfd1 h6 (16... c4 $11) 17. dxc5 $16 Nxc5 18. Nd4 {aiming for a3.} Qa3 19. b4 $36 {[%mdl 2048] White has strong initiative.} Qxb4 20. Nc6 Rxc6 21. Bxc6 Rc8 22. Bf3 Qb2 23. a4 Bc4 24. Rac1 Qb4 $2 (24... Qa2 25. Qf4 Bd5 26. Bxd5 exd5) 25. Qf4 $18 Nxa4 {[#]} 26. Rxc4 $1 {[%mdl 576] Deflection} Rxc4 (26... Qxc4 $142 27. Rd8+ {[%mdl 64] Deflection} Rxd8 28. Qxc4 Nc5) 27. Rd8+ Kh7 28. Qxf7 {[%mdl 64] White wants to mate with Qg8+. Double Attack} Qb1+ 29. Kg2 {Threatening mate with Qg8+.} Qf5 30. Qg8+ Kg6 31. Rf8 Qe5 32. Qf7+ Kh7 33. Qe8 {Accuracy: White = 79%, Black = 36%.} 1-0

[Event "3rd Sharjah Masters 2019"]
[Site "Sharjah"]
[Date "2019.03.28"]
[Round "7.42"]
[White "Akash G"]
[Black "Singgih, Diajeng Theresa"]
[Result "1-0"]
[WhiteElo "2411"]
[BlackElo "2164"]
[Annotator "TA"]
[PlyCount "151"]
[EventDate "2019.03.22"]
[EventType "swiss"]
[EventCountry "UAE"]
[SourceTitle "playchess.com"]
[Source "ChessBase"]
[SourceQuality "1"]

{[%evp 11,151,0,0,0,7,7,45,-28,-27,-31,-26,-61,-25,-50,0,0,0,0,0,10,27,25,39,26,47,44,71,55,37,38,34,20,17,0,18,-4,43,-6,0,0,0,0,30,0,12,11,15,6,12,17,17,20,8,18,47,0,98,102,98,98,105,110,125,117,138,121,123,121,137,129,135,140,256,249,263,254,262,251,252,261,331,328,412,420,510,510,502,487,493,483,498,492,521,511,589,563,525,422,730,706,1681,1366,1841,1747,1712,1769,1612,1388,1462,1287,2329,2182,29971,3120,29972,29973,29972,29972,29973,29973,29971,29971,29977,29971,29969,29968,11491,9723,29981,29971,29971,29972,29972,29973,29970,29973,29971,29974,29974,29974,29963,11173]} 1. Nf3 d5 2. g3 Nf6 3. Bg2 e6 4. O-O Bd6 5. d3 O-O 6. Nbd2 e5 7. e4 {A07: Réti Opening: New York and Capablanca Systems} c6 8. Re1 (8. h3 Re8 9. Qe2 Nbd7 10. Rd1 Nf8 11. Nf1 Qc7 12. Ne3 Ng6 13. Nf5 Nf8 14. Nh2 N8d7 15. Ng4 Nxg4 16. hxg4 {½-½ (16) Huang,Q (2439)-Pogonina,N (2457) Qinhuangdao 2018}) 8... Qc7 9. Nf1 ({White should play} 9. d4 $14) 9... Be6 $11 10. h3 h6 11. N3h2 $146 ({Predecessor:} 11. g4 Nbd7 12. Ng3 {½-½ (32) Gregory,D (2037)-Saunders,M (1741) Muret 2016}) 11... Na6 12. Ng4 Nh7 (12... Nxg4 $15 13. hxg4 d4) 13. Nfe3 {[%cal Re4d5]} dxe4 14. dxe4 Rad8 15. Qe2 Qc8 16. Nc4 Bc7 17. Be3 c5 18. c3 f6 19. a4 b6 20. Bc1 Nb8 21. Kh2 Nc6 22. Nge3 Ne7 23. h4 Rd7 24. Bf3 f5 25. exf5 Nxf5 26. Nxf5 Rxf5 (26... Bxf5 {feels hotter.} 27. Nxe5 Re7 28. Qc4+ Kh8 29. Bf4 g5) 27. Bg4 Rf6 {Black wants to play ...Bxg4.} 28. Bxe6+ Rxe6 29. Nd2 e4 30. Qc4 $36 {[%mdl 2048] White has some pressure.} Rde7 31. Rxe4 ({Don't play} 31. Nxe4 Kh8 $17) 31... Nf6 32. Rxe6 Qxe6 33. Kg2 Qxc4 (33... Nd5 $11) 34. Nxc4 $16 Re1 35. b3 a6 36. Bb2 Re2 37. Kf3 Re8 38. Ne3 Be5 39. Rd1 Rf8 40. Rd3 h5 41. Kg2 b5 (41... Ng4 $16 {keeps fighting.} 42. Nxg4 hxg4) 42. f4 $18 Bc7 43. axb5 axb5 44. c4 bxc4 45. bxc4 Ne4 46. Kf3 Nd6 47. Rd5 Rb8 48. Be5 Ne8 49. Bxc7 Nxc7 50. Rxc5 {[%mdl 4096] Endgame KRN-KRN} Ne6 51. Rxh5 Nd4+ 52. Ke4 Ne2 53. Rg5 Re8+ 54. Kf3 Ng1+ (54... Nd4+ $142 55. Kf2 Rb8) 55. Kg2 Rxe3 56. Kxg1 {KR-KR} Re2 57. Kf1 Rc2 58. c5 Kf7 59. Ke1 Kf6 60. Kd1 Rc4 61. Kd2 g6 62. Kd3 Rc1 63. Kd4 Rd1+ 64. Kc4 Rc1+ 65. Kd5 Rd1+ 66. Kc6 Rd3 67. Kb5 Rb3+ 68. Kc4 Rb1 69. c6 {[%cal Bc5c6,Bc6c7][%mdl 32]} Rd1 70. Rc5 {White mates.} Rc1+ 71. Kd4 Rd1+ 72. Ke3 Re1+ 73. Kf3 Re8 74. c7 Rc8 75. Rc6+ Kf7 76. g4 {Accuracy: White = 70%, Black = 31%.} (76. Ke4 $142 Ke8 77. Kd5 Ke7 78. Rxg6 Kf8 79. Rc6 Ke7 80. h5 Kf8 81. h6) 1-0